| 000 -LEADER |
| fixed length control field |
02663cam a22003374a 4500 |
| 001 - CONTROL NUMBER |
| control field |
16488191 |
| 003 - CONTROL NUMBER IDENTIFIER |
| control field |
OSt |
| 005 - DATE AND TIME OF LATEST TRANSACTION |
| control field |
20240216104039.0 |
| 008 - FIXED-LENGTH DATA ELEMENTS--GENERAL INFORMATION |
| fixed length control field |
101004s2011 enka bf 001 0 eng |
| 010 ## - LIBRARY OF CONGRESS CONTROL NUMBER |
| LC control number |
2010038955 |
| 016 7# - NATIONAL BIBLIOGRAPHIC AGENCY CONTROL NUMBER |
| Record control number |
015654439 |
| Source |
Uk |
| 020 ## - INTERNATIONAL STANDARD BOOK NUMBER |
| International Standard Book Number |
9780754675808 (hardback : alk. paper) |
| 020 ## - INTERNATIONAL STANDARD BOOK NUMBER |
| International Standard Book Number |
0754675807 (hardback : alk. paper) |
| 020 ## - INTERNATIONAL STANDARD BOOK NUMBER |
| International Standard Book Number |
9781409411710 (ebook) |
| 020 ## - INTERNATIONAL STANDARD BOOK NUMBER |
| International Standard Book Number |
1409411710 (ebook) |
| 035 ## - SYSTEM CONTROL NUMBER |
| System control number |
(OCoLC)ocn669269773 |
| 040 ## - CATALOGING SOURCE |
| Original cataloging agency |
DLC |
| Transcribing agency |
DLC |
| Modifying agency |
YDX |
| -- |
CDX |
| -- |
YDXCP |
| -- |
FER |
| -- |
UKMGB |
| -- |
DLC |
| 042 ## - AUTHENTICATION CODE |
| Authentication code |
pcc |
| 050 00 - LIBRARY OF CONGRESS CALL NUMBER |
| Classification number |
TA167 |
| Item number |
.H36 2011 |
| 082 00 - DEWEY DECIMAL CLASSIFICATION NUMBER |
| Classification number |
620.82 |
| Edition number |
22 |
| Author Mark |
HAN |
| 245 04 - TITLE STATEMENT |
| Title |
The handbook of human-machine interaction: |
| Remainder of title |
a human-centered design approach / |
| Statement of responsibility, etc. |
edited by Guy A. Boy. |
| 260 ## - PUBLICATION, DISTRIBUTION, ETC. |
| Place of publication, distribution, etc. |
Farnham, Surrey, England ; |
| -- |
Burlington, VT : |
| Name of publisher, distributor, etc. |
Ashgate, |
| Date of publication, distribution, etc. |
c2011. |
| 300 ## - PHYSICAL DESCRIPTION |
| Extent |
xxii, 455 p. : |
| Other physical details |
ill. ; |
| Dimensions |
26 cm. |
| 504 ## - BIBLIOGRAPHY, ETC. NOTE |
| Bibliography, etc. note |
Includes bibliographical references and index. |
| 505 0# - FORMATTED CONTENTS NOTE |
| Formatted contents note |
pt. I. Analysis. Analysis, modeling, and simulation of human operator's mental activities ; Psychophysiology and performance : considerations for human-centered design ; Automation and situation awareness ; Human error, interaction, and the development of safety-critical systems ; Operating documents that change in real-time : dynamic documents and user performance support ; The authority issue in organizational automation -- pt. II. Design. Scenario-based design ; Socio-cognitive issues in human-centered design for the real world ; Cognitive function analysis in the design of human and machine multi-agent systems ; Authority and cooperation between humans and machines ; Formal description techniques for human-machine interfaces : model-based approaches for the design and evaluation of dependable usable interactive systems ; Designing human-automation interaction ; Human-agent interaction -- pt. III. Evaluation. From usability to user experience with interactive systems ; Designing and evaluating user experience ; Eye tracking from a human factors perspective ; Operator fatigue : implications for human-machine interaction ; Transversal perspectives on human-machine interaction : the effect of age in human-machine systems ; Error on the flight deck : interfaces, organizations, and culture ; The diminishing relevance of human-machine interaction -- Conclusion and perspectives : from automation to interaction design. |
| 650 #0 - SUBJECT ADDED ENTRY--TOPICAL TERM |
| Topical term or geographic name entry element |
Human-machine systems |
| Form subdivision |
Handbooks, manuals, etc. |
| 9 (RLIN) |
120627 |
| 700 1# - ADDED ENTRY--PERSONAL NAME |
| Personal name |
Boy, Guy A. |
| 9 (RLIN) |
98784 |
| 906 ## - LOCAL DATA ELEMENT F, LDF (RLIN) |
| a |
7 |
| b |
cbc |
| c |
orignew |
| d |
1 |
| e |
ecip |
| f |
20 |
| g |
y-gencatlg |
| 942 ## - ADDED ENTRY ELEMENTS (KOHA) |
| Source of classification or shelving scheme |
|
| Koha item type |
Reference |
| Institution code [OBSOLETE] |
SADA |
| Call number prefix |
REF 620.82 HAN 2011 |